|
|
|
|
| LEADER |
01043nam a22002772a 4500 |
| 001 |
001261178 |
| 003 |
CZ BrMZK |
| 005 |
20121026110147.0 |
| 007 |
ta |
| 008 |
121026s1973 gw er|||||||||||ger d |
| 040 |
|
|
|a BOA001
|b cze
|
| 100 |
1 |
|
|a Myllynieni, Sappo
|4 dis
|
| 245 |
1 |
0 |
|a Neuordnung der baltischen Länder 1941-1944 :
|b zum nationalsozialistischen Inhalt der deutschen Besatzungspolitik /
|c Sappo Myllynieni
|
| 260 |
|
|
|a Helsinki :
|b Suomen historiallinen Seura,
|c 1973
|
| 300 |
|
|
|a 308 s.
|
| 490 |
1 |
|
|a Dissertationes historicae ;
|v 2
|
| 490 |
1 |
|
|a Historiallisia tutkimuksia ;
|v 90
|
| 502 |
|
|
|a Disertace--Helsingin yliopisto, Humanistinen tiedekunta, 1973
|
| 504 |
|
|
|a Obsahuje bibliografii
|
| 710 |
2 |
|
|a Helsingin yliopisto.
|b Humanistinen tiedekunta
|7 kn20120619005
|
| 830 |
|
0 |
|a Dissertationes historicae
|0 s
|
| 830 |
|
0 |
|a Historiallisia tutkimuksia
|
| 910 |
|
|
|a BOA001
|b 2-0714.060
|
| 990 |
|
|
|a BK
|
| 991 |
|
|
|b 201210
|
| 996 |
7 |
|
|b 2619656568
|c 2-0714.060
|l Sklad H1
|r Sklad / do 24 hodin
|n 0
|h HS212
|w 001295035
|u 000010
|a 1
|e BOA001
|j MZK50
|s A
|